| Tag |
First Indicator |
Second Indicator |
Subfields |
| LEADER |
00000pam a2200000 a 4500 |
| 001 |
in00000082419 |
| 005 |
20151008061155.0 |
| 008 |
811105s1981 nyua b 00000 eng |
| 010 |
|
|
|a 81017477
|
| 020 |
|
|
|a 0306109611
|
| 035 |
|
|
|a (OCoLC)07977535
|
| 035 |
|
|
|9 AAJ7473AM
|
| 039 |
0 |
|
|a 2
|b 3
|c 3
|d 3
|e 3
|
| 040 |
|
|
|a DLC
|c DLC
|d TXA
|d UtOrBLW
|
| 041 |
1 |
|
|a eng
|a rus
|
| 049 |
|
|
|a TXAM
|c [1673197]
|
| 050 |
0 |
0 |
|a QD382.E48
|b E4913
|
| 082 |
0 |
|
|a 668.9
|2 19
|
| 245 |
0 |
0 |
|a Emulsion polymerization and its applications in industry /
|c V.I. Eliseeva [and others] ; translated from Russian by Sylvia J. Teague.
|
| 264 |
|
1 |
|a New York :
|b Consultants Bureau,
|c [1981]
|
| 264 |
|
4 |
|c ©1981
|
| 300 |
|
|
|a xv, 225 pages :
|b illustrations ;
|c 24 cm.
|
| 336 |
|
|
|a text
|b txt
|2 rdacontent
|
| 337 |
|
|
|a unmediated
|b n
|2 rdamedia
|
| 338 |
|
|
|a volume
|b nc
|2 rdacarrier
|
| 500 |
|
|
|a Translation of: Emulsionnaia polimerizatsiia i ee primenenie v promyshlennosti.
|
| 504 |
|
|
|a Includes bibliographical references.
|
| 650 |
|
0 |
|a Emulsion polymerization.
|
| 700 |
1 |
|
|a Eliseeva, V. I.
|q (Valentina Ivanovna)
|
| 999 |
|
|
|a MARS
|
| 999 |
f |
f |
|s 5cd9a237-66d8-3146-a101-6d0e36ca058e
|i cd213559-fdbc-307a-89ab-c9c3cc4aa679
|t 0
|
| 952 |
f |
f |
|p ric
|a Texas A&M University
|b Rellis Campus
|c Joint Library Facility
|d Remote Storage
|t 0
|e QD382.E48 E4913
|h Library of Congress classification
|i unmediated -- volume
|m A14806211622
|
| 998 |
f |
f |
|a QD382.E48 E4913
|t 0
|l Remote Storage
|